| 000 | 00766nam a22002177a 4500 | ||
|---|---|---|---|
| 005 | 20100806110851.0 | ||
| 010 | _aENG-98491 | ||
| 020 |
_a9789380599038 _c100.00 |
||
| 035 | _a82124 | ||
| 037 | _bDBAD/PUB | ||
| 082 | _a570.15195 | ||
| 100 |
_aSaha, Indranil _923458 |
||
| 245 |
_aBioatatistics : _bmcq and essentials / _cby Indranil Saha and Bobby paul |
||
| 260 |
_aKolkata _bAcademic Publishers _c2010 |
||
| 270 |
_a5A, Bhawani Dutta Lane _bKolkata _e700073 |
||
| 300 |
_axi, 110p. _c23cm (pbk) |
||
| 500 | _aIncludes index | ||
| 700 |
_aPaul, Bobby _97389 |
||
| 942 |
_2ddc _cEN _h570.15195 _mSAH |
||
| 999 |
_c39630 _d39630 |
||